000 01765nam a2200373 a 4500
001 ebr10480819
003 CaPaEBR
006 m u
007 cr cn|||||||||
008 110222s2011 cau sb 001 0 eng d
010 _z 2011006067
020 _z9780520268296 (hardcover : alk. paper)
020 _z9780520268319 (pbk. : alk. paper)
020 _z9780520950412 (e-book)
040 _aCaPaEBR
_cCaPaEBR
035 _a(OCoLC)739107716
043 _aa-ii---
050 1 4 _aLA1154.B43
_bS46 2011eb
082 0 4 _a371.071/25414
_222
100 1 _aSengupta, Parna,
_d1971-
245 1 0 _aPedagogy for religion
_h[electronic resource] :
_bmissionary education and the fashioning of Hindus and Muslims in Bengal /
_cParna Sengupta.
260 _aBerkeley :
_bUniversity of California Press,
_cc2011.
300 _ax, 211 p.
504 _aIncludes bibliographical references and index.
505 0 _aThe molding of native character -- A curriculum for religion -- An object lesson in colonial pedagogy -- The schoolteacher as modern father -- Teaching gender in the colony -- Mission schools and Qur'an schools -- Conclusion : pedagogy for tolerance.
533 _aElectronic reproduction.
_bPalo Alto, Calif. :
_cebrary,
_d2011.
_nAvailable via World Wide Web.
_nAccess may be limited to ebrary affiliated libraries.
650 0 _aEducation
_zIndia
_zBengal
_xHistory.
650 0 _aHindus
_xEducation
_zIndia
_zBengal
_xHistory.
650 0 _aMuslims
_xEducation
_zIndia
_zBengal
_xHistory.
650 0 _aChurch schools
_zIndia
_zBengal
_xHistory.
655 7 _aElectronic books.
_2local
710 2 _aebrary, Inc.
856 4 0 _uhttp://site.ebrary.com/lib/rucke/Doc?id=10480819
_zAn electronic book accessible through the World Wide Web; click to view
999 _c118645
_d118645